| 000 | 00712naa a2200217 i 4500 | ||
|---|---|---|---|
| 001 | 89668 | ||
| 003 | ES-MaBCM | ||
| 005 | 20241016125609.0 | ||
| 008 | 030303s2002 nld 000 0 eng d | ||
| 021 | _axx | ||
| 035 | _a(OCoLC)1365123828 | ||
| 040 | _cES-MaBCM | ||
| 041 | 0 | _aeng | |
| 043 | _anld | ||
| 100 | 1 |
_aDi Fabio, Udo _912852 |
|
| 245 | 1 | 0 |
_aSome remarks on the allocation of competences between the European Union and its member states _cUdo di Fabio |
| 650 | 2 | 7 |
_aCompetencia compartida comunitaria _958002 |
| 651 | 2 | 4 |
_aPaíses de la Unión Europea _9115358 |
| 773 | 0 |
_aEn: _tCommon market law review _dThe Hague : 2002 _w104617 _gvol. 39, no. 6, Dec., p. 1289-1301. - Loc. S.364 |
|
| 942 | _cAREV | ||
| 999 |
_c89668 _d89668 |
||